000 00337nam a22001337a 4500
005 20250812092427.0
008 250812b |||||||| |||| 00| 0 eng d
050 _aPL 8704.N64 A85 1991
100 _aARMAH KWEI AYI
245 _aWEMA HAWAJASALIWA
260 _aKENYA
_bHEINEMANN PUBLISHERS
_c1991
300 _aX,175
942 _2lcc
_cBK
999 _c216019
_d216019